Famous Sigma Nu's Quiz Stats

 Plays Quiz not verified by Sporcle

Support Sporcle.
Go Orange.
Score 0/25 Timer 07:00
0 Plays Today
Chapter/School Name % Correct
Epsilon Beta - Drury UniversityBob Barker
86.8%
Zeta Tau - Ripon CollegeHarrison Ford
76.9%
Epsilon Xi - University of MississippiEli Manning
71.4%
Epsilon Xi - University of MississippiArchie Manning
65.9%
Nu - University of KansasPaul Rudd
48.4%
Beta Eta - Indiana UniversityJoe Buck
39.6%
Epsilon Pi - UCLAJames Dean
35.2%
Theta - University of AlabamaPaul 'Bear' Bryant
35.2%
Zeta Upsilon, Eta Kappa - Ariz. St./SDSUAl Michaels
31.9%
Beta Chi - Stanford UniversityCharles Schwab
31.9%
Gamma Iota - University of KentuckyPat Riley
28.6%
Gamma - DukeMike Posner
22%
Beta - University of VirginiaBoyd Tinsley
13.2%
Chapter/School Name % Correct
Gamma Iota - University of KentuckyT. Jeremiah Beam
13.2%
Zeta Xi - University of HoustonAdam Duritz
9.9%
Zeta Phi - Bradley UniversityNeil Flynn
6.6%
Gamma Beta - Northwestern UniversityWilliam Daniels
4.4%
Mu - University of GeorgiaTom Johnson
4.4%
Epsilon Xi - University of MississippiTrent Lott
4.4%
Epsilon Alpha - University of ArizonaMichael Biehn
3.3%
Beta Epsilon - Coe CollegeCurt Menefee
3.3%
Epsilon Kappa - University of North DakotaShadoe Stevens
3.3%
Beta - University of VirginiaAl Groh
3.3%
Epsilon Pi - UCLARick Neuheisel
2.2%
Mu - GeorgiaMark Schlabach
1.1%

You're not logged in!

Compare scores with friends on all Sporcle quizzes.
OR
Log In

From the Vault

Image Word Wheel

by JoeBeta

These words are spinning us in circles.
Remove Ads.
Support Sporcle.
Get the best of Sporcle when you Go Orange. This ad-free experience offers more features, more stats, and more fun while also helping to support Sporcle. Thank you for becoming a member.

Show Comments

Extras

Top Quizzes Today


Score Distribution

Your Account Isn't Verified!

In order to create a playlist on Sporcle, you need to verify the email address you used during registration. Go to your Sporcle Settings to finish the process.

Report this User

Report this user for behavior that violates our Community Guidelines.

Details: